000 00330nam a2200157Ia 4500
003 IT-RoPAU
008 120407s9999 xx 000 0 und d
040 _aIT-RoPAU
040 _cIT-RoPAU
100 _aEmidio De Felice
245 _aI nomi degli italiani
260 _aMarsilio
300 _c cm
490 _v1
942 _cBK
999 _c8201
_d8201